ARRUPE JESUIT UNIVERSITY

CORONAVIRUS -STOP THE SPREAD - CLEAN,DISINFECT,COVER

The divine mother (Record no. 23849)

MARC details
000 -LEADER
fixed length control field 00581nam a2200217Ia 4500
003 - CONTROL NUMBER IDENTIFIER
control field 0100
008 - FIXED-LENGTH DATA ELEMENTS--GENERAL INFORMATION
fixed length control field 130303s9999 xx 000 0 und d
040 ## - CATALOGING SOURCE
Transcribing agency ARRUPELIB
050 ## - LIBRARY OF CONGRESS CALL NUMBER
Classification number BT121.2.G441984
100 ## - MAIN ENTRY--PERSONAL NAME
Personal name Gelpi, Donald L
245 #4 - TITLE STATEMENT
Title The divine mother
245 ## - TITLE STATEMENT
Remainder of title A trinitarian theology of the holy spirit
260 ## - PUBLICATION, DISTRIBUTION, ETC. (IMPRINT)
Place of publication, distribution, etc NY
260 ## - PUBLICATION, DISTRIBUTION, ETC. (IMPRINT)
Name of publisher, distributor, etc Univ. Pr. of America
260 ## - PUBLICATION, DISTRIBUTION, ETC. (IMPRINT)
-- 1984
300 ## - PHYSICAL DESCRIPTION
Extent 245p
650 ## - SUBJECT ADDED ENTRY--TOPICAL TERM
Topical term following geographic name as entry element Literature -- Terminology
650 ## - SUBJECT ADDED ENTRY--TOPICAL TERM
Location of event Literature -- Handbooks, manuals, etc
650 ## - SUBJECT ADDED ENTRY--TOPICAL TERM
Active dates English literature -- Handbooks, manuals, etc
942 00 - ADDED ENTRY ELEMENTS (KOHA)
Koha issues (borrowed), all copies 1
Holdings
Withdrawn status Lost status Source of classification or shelving scheme Damaged status Not for loan Collection code Home library Current library Date acquired Total Checkouts Full call number Barcode Date last seen Copy number Price effective from Koha item type Shelving location Date checked out
    Library of Congress Classification     Main Collection ARRUPE LIBRARY ARRUPE LIBRARY 04/03/2013   BT121.2.G441984 46500021034 01/12/2016 1 04/03/2013 Monograph ( Printed materials)    
    Library of Congress Classification     Main Collection ARRUPE LIBRARY ARRUPE LIBRARY 04/03/2013 1 BT121.2.G441984 46003002980 11/01/2017 2 04/03/2013 Monograph ( Printed materials)   24/08/2013

 

Arrupe Library. PO Box MP320 Mt Pleasant, Harare, Zimbabwe
263 242 745411|librarian@aju.ac.zw